[Event "Titled Tuesday intern op 11th May"]
[Site "Chess.com INT"]
[Date "2021.05.11"]
[Round "8"]
[White "Deviprasath, Sharvesh"]
[Black "Sanchez Jimenez, Juan Carlos"]
[Result "1-0"]
[WhiteElo "2131"]
[BlackElo "2223"]
[PlyCount "77"]
[EventDate "2021.05.11"]
[EventType "swiss (blitz)"]
[EventRounds "11"]
[EventCountry "USA"]
[SourceTitle "CBM 202 Extra"]
[Source "ChessBase"]
[SourceDate "2021.07.31"]
[SourceVersion "1"]
[SourceVersionDate "2021.07.31"]
[SourceQuality "1"]

1. Nf3 f5 2. c4 Nf6 3. Nc3 d6 4. d3 e5 5. e4 Nc6 6. exf5 Bxf5 7. d4 exd4 8. Nxd4 Nxd4 9. Qxd4 Be7 10. Bg5 0-0 11. 0-0-0 Kh8 12. h4 c6 13. f3 Qa5 14. g4 Bd7 15. Bd3 Qe5 16. Qxe5 dxe5 17. Bxh7 Bxg4 18. fxg4 Kxh7 19. Rhe1 Bb4 20. Rxe5 Nxg4 21. Re6 Rf7 22. Ne4 Raf8 23. a3 Ba5 24. Nd6 Rd7 25. b4 Bc7 26. Nxb7 Bf4+ 27. Bxf4 Rxd1+ 28. Kxd1 Rxf4 29. Rxc6 Ne3+ 30. Ke2 Nxc4 31. Ra6 Rxh4 32. Rxa7 Nxa3 33. Rxa3 Rxb4 34. Nc5 Kg6 35. Ra5 Rh4 36. Kf3 Kf7 37. Ra6 Rc4 38. Nd3 g5 39. Ne5+ 1-0

[Event "Titled Tuesday intern op 16th Mar"]
[Site "Chess.com INT"]
[Date "2021.03.16"]
[Round "9"]
[White "Enchev, Ivajlo"]
[Black "Sanchez Jimenez, Juan Carlos"]
[Result "1-0"]
[WhiteElo "2501"]
[BlackElo "2223"]
[PlyCount "113"]
[EventDate "2021.03.16"]
[EventType "swiss (blitz)"]
[EventRounds "11"]
[EventCountry "USA"]
[SourceTitle "CBM 201 Extra"]
[Source "ChessBase"]
[SourceDate "2021.05.31"]
[SourceVersion "1"]
[SourceVersionDate "2021.05.31"]
[SourceQuality "1"]

1. d4 e6 2. c4 f5 3. Nf3 Nf6 4. g3 Be7 5. Bg2 0-0 6. 0-0 d6 7. Nc3 Ne4 8. Qc2 Nxc3 9. bxc3 Nc6 10. e4 e5 11. dxe5 dxe5 12. Rd1 Qe8 13. exf5 Bxf5 14. Qb3 Bg4 15. Nd2 Bxd1 16. Qxd1 Bg5 17. Ne4 Rd8 18. Qe2 Bxc1 19. Rxc1 Qe7 20. c5 Kh8 21. Rb1 b6 22. cxb6 axb6 23. Qc4 Na5 24. Qe2 Qd7 25. Re1 Qf5 26. h4 h6 27. Kh2 Nb7 28. Qb5 Nd6 29. Nxd6 Rxd6 30. Re2 Qd7 31. Qxe5 Rd2 32. Kg1 Rxe2 33. Qxe2 Re8 34. Qc4 Qe6 35. Qxc7 Qe1+ 36. Bf1 Qb1 37. a4 Re1 38. Qc8+ Kh7 39. Qc4 Kh8 40. Qb5 Qxb5 41. axb5 Kg8 42. Kg2 Rc1 43. c4 Kf7 44. Bd3 Rc3 45. Be4 Ke6 46. Bd5+ Ke5 47. f4+ Kd4 48. h5 Rxc4 49. Bxc4 Kxc4 50. g4 Kxb5 51. g5 Kc6 52. f5 b5 53. f6 gxf6 54. gxh6 b4 55. h7 b3 56. h8Q b2 57. Qh7 1-0

[Event "Titled Tuesday intern op 16th Mar"]
[Site "Chess.com INT"]
[Date "2021.03.16"]
[Round "8"]
[White "Sanchez Jimenez, Juan Carlos"]
[Black "Mujumdar, Sameer Suhas"]
[Result "1-0"]
[WhiteElo "2223"]
[BlackElo "2028"]
[PlyCount "61"]
[EventDate "2021.03.16"]
[EventType "swiss (blitz)"]
[EventRounds "11"]
[EventCountry "USA"]
[SourceTitle "CBM 201 Extra"]
[Source "ChessBase"]
[SourceDate "2021.05.31"]
[SourceVersion "1"]
[SourceVersionDate "2021.05.31"]
[SourceQuality "1"]

1. d4 Nf6 2. c4 e6 3. Nf3 Bb4+ 4. Nbd2 0-0 5. e3 d6 6. Bd3 Nc6 7. 0-0 Bxd2 8. Bxd2 e5 9. Be2 Bg4 10. dxe5 dxe5 11. Bc3 Qe7 12. h3 Bh5 13. Nh4 Bxe2 14. Qxe2 Ne4 15. Nf5 Qe6 16. Qg4 g6 17. Nh6+ Kg7 18. Qxe4 Kxh6 19. Qh4+ Kg7 20. f4 Qxc4 21. Qg3 Rae8 22. fxe5 Kg8 23. e6 Rxe6 24. Qxc7 Rxe3 25. Qxb7 Re2 26. Rae1 Rxe1 27. Rxe1 Nd4 28. Qe4 Rd8 29. Kh1 Qd5 30. Qxd5 Rxd5 31. Rd1 1-0

[Event "Dos Hermanas rapid 31st"]
[Site "Dos Hermanas"]
[Date "2019.05.25"]
[Round "5"]
[White "Sanchez Jimenez, Juan Carlos"]
[Black "Bobadilla Viera, Jorge Samuel"]
[Result "0-1"]
[WhiteElo "2227"]
[BlackElo "2382"]
[PlyCount "48"]
[EventDate "2019.05.25"]
[EventType "swiss (rapid)"]
[EventRounds "8"]
[EventCountry "ESP"]
[SourceTitle "CBM 190 Extra"]
[Source "ChessBase"]
[SourceDate "2019.07.15"]
[SourceVersion "1"]
[SourceVersionDate "2019.07.15"]
[SourceQuality "1"]

1. d4 Nf6 2. c4 e6 3. Nf3 d5 4. Nc3 Bb4 5. cxd5 exd5 6. Bg5 Nbd7 7. e3 c5 8. Be2 Qa5 9. 0-0 Bxc3 10. bxc3 Ne4 11. c4 dxc4 12. Bxc4 cxd4 13. Bh4 dxe3 14. Bxf7+ Kxf7 15. Qb3+ Kg6 16. fxe3 h6 17. Qc2 Re8 18. Bg3 Qc3 19. Qe2 Nxg3 20. Qb5 Qxe3+ 21. Rf2 Ne4 22. Nh4+ Kh7 23. Qf5+ Kh8 24. Ng6+ Kg8 0-1

[Event "ESP-ch rapid"]
[Site "Linares"]
[Date "2018.08.19"]
[Round "8"]
[White "Sanchez Jimenez, Juan Carlos"]
[Black "Perdomo Araujo, Angel Eduardo"]
[Result "1/2-1/2"]
[WhiteElo "2228"]
[BlackElo "2100"]
[PlyCount "33"]
[EventDate "2018.08.19"]
[EventType "swiss (rapid)"]
[EventRounds "9"]
[EventCountry "ESP"]
[SourceTitle "CBM 186 Extra"]
[Source "ChessBase"]
[SourceDate "2018.08.24"]
[SourceVersion "1"]
[SourceVersionDate "2018.08.24"]
[SourceQuality "1"]

1. d4 Nf6 2. c4 g6 3. Nc3 d5 4. Nf3 Bg7 5. Bf4 0-0 6. e3 dxc4 7. Bxc4 c6 8. 0-0 Bg4 9. Be2 Nbd7 10. Qb3 Qb6 11. Qxb6 axb6 12. h3 Bxf3 13. Bxf3 b5 14. a3 Ra7 15. Rac1 Re8 16. Rc2 e5 17. dxe5 1/2-1/2

[Event "ESP-ch rapid"]
[Site "Linares"]
[Date "2016.08.14"]
[Round "9"]
[White "Sanchez Jimenez, Juan Carlos"]
[Black "Martinez Reyes, Pedro Ramon"]
[Result "1-0"]
[WhiteElo "2217"]
[BlackElo "2365"]
[PlyCount "121"]
[EventDate "2016.08.14"]
[EventType "swiss (rapid)"]
[EventRounds "9"]
[EventCountry "ESP"]
[SourceTitle "CBM 173 Extra"]
[Source "ChessBase"]
[SourceDate "2016.08.29"]
[SourceVersion "1"]
[SourceVersionDate "2016.08.29"]
[SourceQuality "1"]

1. d4 d5 2. c4 e6 3. Nc3 Be7 4. Nf3 Nf6 5. Bg5 h6 6. Bxf6 Bxf6 7. e3 c5 8. cxd5 exd5 9. Qb3 cxd4 10. Nxd4 Nc6 11. Bb5 Bxd4 12. exd4 0-0 13. Rd1 Re8+ 14. Be2 Qh4 15. Qxd5 Bg4 16. Kf1 Rad8 17. Qc4 Bxe2+ 18. Nxe2 Ne5 19. Qb3 Ng4 20. Qg3 Qh5 21. h3 Rxe2 22. Kxe2 Qb5+ 23. Qd3 Qe8+ 24. Kf1 Nf6 25. g3 Qa4 26. Kg2 Qxa2 27. d5 Rxd5 28. Qa3 Qc4 29. Rxd5 Qxd5+ 30. Qf3 Qb5 31. b3 h5 32. Rc1 Qb6 33. Rc8+ Kh7 34. Qf5+ g6 35. Qc5 Qxc5 36. Rxc5 Ne8 37. Rd5 Kg7 38. Rd8 Nf6 39. Rb8 b6 40. Rb7 Nd5 41. Rxa7 Kf6 42. Kf3 Ke6 43. Ke4 f5+ 44. Kd4 Kd6 45. Rg7 Ne7 46. f4 Nc6+ 47. Kc4 Na5+ 48. Kb4 Nc6+ 49. Kc4 Na5+ 50. Kd3 Nxb3 51. Rxg6+ Ke7 52. Rxb6 Nc5+ 53. Kd4 Ne4 54. g4 hxg4 55. hxg4 Ng3 56. g5 Kf7 57. Ke5 Kg7 58. Rb7+ Kg6 59. Rb6+ Kh5 60. Rh6+ Kg4 61. g6 1-0

[Event "ESP-ch rapid"]
[Site "Linares"]
[Date "2016.08.14"]
[Round "8"]
[White "Sanchez Jimenez, Juan Carlos"]
[Black "Valmana Canto, Jaime"]
[Result "1/2-1/2"]
[WhiteElo "2217"]
[BlackElo "2389"]
[PlyCount "129"]
[EventDate "2016.08.14"]
[EventType "swiss (rapid)"]
[EventRounds "9"]
[EventCountry "ESP"]
[SourceTitle "CBM 173 Extra"]
[Source "ChessBase"]
[SourceDate "2016.08.29"]
[SourceVersion "1"]
[SourceVersionDate "2016.08.29"]
[SourceQuality "1"]

1. d4 Nf6 2. c4 g6 3. Nc3 Bg7 4. e4 d6 5. Nf3 0-0 6. Be2 e5 7. dxe5 dxe5 8. Qxd8 Rxd8 9. Bg5 Re8 10. 0-0-0 h6 11. Be3 c6 12. Ne1 Na6 13. f3 Be6 14. Nc2 Bf8 15. Rd2 Nh5 16. Rhd1 Nf4 17. Bf1 Bc5 18. Bxc5 Nxc5 19. b4 Na6 20. Kb2 Kf8 21. a3 Nc7 22. c5 a5 23. Rd6 Ke7 24. g3 Nh5 25. Bc4 Nf6 26. Bxe6 Nxe6 27. h4 axb4 28. axb4 Red8 29. Rxd8 Rxd8 30. Rxd8 Kxd8 31. Ne2 Ne8 32. Kc3 N8c7 33. Na3 Ke7 34. Kc4 f5 35. exf5 gxf5 36. b5 Kf6 37. bxc6 bxc6 38. Nc2 Nd5 39. g4 fxg4 40. fxg4 e4 41. Ned4 Ne7 42. Nxe6 Kxe6 43. Kd4 Ng6 44. Kxe4 Nxh4 45. Nd4+ Kd7 46. Nf5 Ng6 47. Nxh6 Ke6 48. Nf5 Kf6 49. Nd4 Ne7 50. g5+ Kxg5 51. Ke5 Kg4 52. Kd6 Nd5 53. Nxc6 Nc3 54. Ne5+ Kf5 55. c6 Nb5+ 56. Kc5 Nc7 57. Nd3 Ke6 58. Kb6 Kd6 59. Kb7 Nb5 60. Nb2 Kc5 61. Nd1 Nd6+ 62. Kc7 Ne8+ 63. Kd7 Nf6+ 64. Ke6 Kxc6 65. Kxf6 1/2-1/2

[Event "Andorra op 33rd"]
[Site "La Massana"]
[Date "2015.07.19"]
[Round "2"]
[White "Sanchez Jimenez, Juan Carlos"]
[Black "Vazquez Igarza, Renier"]
[Result "1/2-1/2"]
[WhiteElo "2252"]
[BlackElo "2581"]
[PlyCount "158"]
[EventDate "2015.07.18"]
[EventType "swiss"]
[EventRounds "9"]
[EventCountry "AND"]
[SourceTitle "CBM 167 Extra"]
[Source "ChessBase"]
[SourceDate "2015.09.14"]
[SourceVersion "1"]
[SourceVersionDate "2015.09.14"]
[SourceQuality "1"]

1. d4 Nf6 2. c4 g6 3. Nc3 d5 4. Nf3 Bg7 5. Bf4 0-0 6. e3 c5 7. dxc5 Ne4 8. Rc1 Nd7 9. cxd5 Qa5 10. Bc4 Nxc3 11. bxc3 Bxc3+ 12. Ke2 Nxc5 13. Qc2 Bf6 14. Nd4 Bd7 15. f3 Rac8 16. Qd2 Qa4 17. Kf2 b5 18. Bb3 Qa3 19. e4 Bxd4+ 20. Qxd4 e5 21. dxe6 fxe6 22. Bh6 Rf7 23. Rhd1 a5 24. Kg3 a4 25. Rxc5 Qxc5 26. Qxc5 Rxc5 27. Bxe6 Rc7 28. Bxf7+ Kxf7 29. Bf4 Rb7 30. Bd6 Be6 31. a3 Rd7 32. Rd2 g5 33. h4 h6 34. hxg5 hxg5 35. Bb4 Rxd2 36. Bxd2 Kf6 37. Kf2 Bc4 38. Bb4 Bd3 39. Ke3 Bf1 40. g3 Bh3 41. Ba5 Kg6 42. Bd8 Be6 43. Be7 Bd7 44. f4 gxf4+ 45. gxf4 Kf7 46. Bd8 Bc6 47. f5 Bb7 48. e5 Bc8 49. Kf4 Bd7 50. Ba5 Bc8 51. Bb4 Bd7 52. e6+ Bxe6 53. fxe6+ Kxe6 54. Ke4 Kd7 55. Kd5 Kc7 56. Be1 Kd7 57. Bb4 Kc7 58. Bc5 Kd7 59. Bd6 Ke8 60. Kc6 Kd8 61. Bg3 Ke8 62. Bd6 Kd8 63. Bf4 Ke8 64. Bg5 Kf8 65. Bh6+ Ke8 66. Bg5 Kf8 67. Bf6 Kg8 68. Kd7 Kf7 69. Be7 Kg6 70. Ke6 Kg7 71. Bd8 Kf8 72. Bf6 Kg8 73. Ke7 Kh7 74. Kd6 Kg8 75. Kc5 Kf7 76. Kxb5 Kxf6 77. Kxa4 Ke7 78. Kb5 Kd7 79. Kb6 Kc8 1/2-1/2

[Event "La Roda op 35th"]
[Site "La Roda"]
[Date "2008.03.22"]
[Round "6"]
[White "Sanchez Jimenez, Juan Carlos"]
[Black "Granda Zuniga, Julio E"]
[Result "0-1"]
[WhiteElo "2284"]
[BlackElo "2588"]
[PlyCount "96"]
[EventDate "2008.03.19"]
[EventType "swiss"]
[EventRounds "9"]
[EventCountry "ESP"]
[SourceTitle "CBM 123 Extra"]
[Source "ChessBase"]
[SourceDate "2008.05.06"]
[SourceVersion "1"]
[SourceVersionDate "2008.05.06"]
[SourceQuality "1"]

1. d4 Nf6 2. Nf3 e6 3. c4 b6 4. g3 Ba6 5. Qa4 c5 6. Bg2 Bb7 7. dxc5 bxc5 8. 0-0 Be7 9. Nc3 0-0 10. Rd1 Qb6 11. Bf4 d6 12. Rd2 Rd8 13. Rad1 a6 14. Qb3 Qxb3 15. axb3 Ne8 16. Na4 Nc6 17. Ng5 Rab8 18. b4 e5 19. Be3 h6 20. Nxf7 Kxf7 21. bxc5 Na5 22. b4 Nxc4 23. c6 Bc8 24. Bd5+ Be6 25. Bxc4 Bxc4 26. Nb6 Bb5 27. Rc1 Nc7 28. Nd7 Rbc8 29. Nb6 Ke6 30. Nxc8 Rxc8 31. Bb6 Nd5 32. Ba5 Rxc6 33. Rxc6 Bxc6 34. e4 Nf6 35. f3 d5 36. exd5+ Nxd5 37. Rb2 Ne3 38. Rb3 Nc4 39. Rc3 Bb5 40. Kg2 h5 41. h4 g6 42. Kh3 Nxa5 43. bxa5 Bb4 44. Re3 Bxa5 45. f4 Bf1+ 46. Kh2 Bc7 47. Re1 Bd3 48. fxe5 Bxe5 0-1

[Event "La Roda op 35th"]
[Site "La Roda"]
[Date "2008.03.21"]
[Round "4"]
[White "Ibarra Jerez, Jose Carlos"]
[Black "Sanchez Jimenez, Juan Carlos"]
[Result "1-0"]
[WhiteElo "2493"]
[BlackElo "2284"]
[PlyCount "117"]
[EventDate "2008.03.19"]
[EventType "swiss"]
[EventRounds "9"]
[EventCountry "ESP"]
[SourceTitle "CBM 123 Extra"]
[Source "ChessBase"]
[SourceDate "2008.05.06"]
[SourceVersion "1"]
[SourceVersionDate "2008.05.06"]
[SourceQuality "1"]

1. e4 e6 2. d4 d5 3. Nc3 Nc6 4. Nf3 Nf6 5. e5 Ne4 6. Ne2 f6 7. exf6 Qxf6 8. Ng3 e5 9. Bb5 exd4 10. Nxe4 dxe4 11. Nxd4 Bb4+ 12. c3 0-0 13. Be3 Bc5 14. Bxc6 bxc6 15. Qb3+ Rf7 16. Qc4 Bxd4 17. Bxd4 Qg6 18. 0-0-0 a5 19. Bc5 Be6 20. Qa4 Qg5+ 21. Be3 Qb5 22. Rd4 Rd7 23. Rxe4 Qd5 24. Rd1 Qxd1+ 25. Qxd1 Rxd1+ 26. Kxd1 Rd8+ 27. Ke1 Bxa2 28. Re7 Rf8 29. Rxc7 Bd5 30. Bc5 Rf6 31. f3 a4 32. Kf2 h5 33. Ra7 Bb3 34. Bd4 Rf7 35. Ra6 Rc7 36. Be5 Re7 37. Bd6 Re2+ 38. Kg3 h4+ 39. Kh3 Rxb2 40. Rxc6 Be6+ 41. g4 hxg3+ 42. Kxg3 Rb7 43. c4 Rb3 44. Be5 Bf7 45. Rc8+ Kh7 46. Rc7 Kg8 47. c5 Bd5 48. Rxg7+ Kf8 49. Ra7 Rxf3+ 50. Kg4 a3 51. h4 Re3 52. Bg7+ Kg8 53. h5 Rf3 54. h6 a2 55. Rxa2 Rf1 56. Ra7 Kh7 57. Kg5 Be4 58. Be5+ Kg8 59. h7+ 1-0

[Event "ESP-chT CECLUB Sur Div 1"]
[Site "Burguillos"]
[Date "2007.08.24"]
[Round "4"]
[White "Sanchez Jimenez, Juan Carlos"]
[Black "Suarez Real, Alberto"]
[Result "0-1"]
[WhiteElo "2281"]
[BlackElo "2386"]
[PlyCount "84"]
[EventDate "2007.08.22"]
[EventType "team-tourn"]
[EventRounds "6"]
[EventCountry "ESP"]
[SourceTitle "CBM 119 Extra"]
[Source "ChessBase"]
[SourceDate "2007.09.04"]
[SourceVersion "1"]
[SourceVersionDate "2007.09.04"]
[SourceQuality "1"]

1. d4 Nf6 2. Nf3 g6 3. c4 Bg7 4. Nc3 d6 5. e4 0-0 6. Be2 Na6 7. 0-0 e5 8. Be3 Ng4 9. Bg5 Qe8 10. c5 dxc5 11. Bxa6 bxa6 12. Nd5 f6 13. Bh4 cxd4 14. Nxc7 Qd7 15. Nxa8 Bb7 16. Nc7 Qxc7 17. Nxd4 exd4 18. Qxg4 Qe5 19. Rfe1 Rd8 20. f4 Qe8 21. e5 f5 22. Qd1 Qc6 23. Qd2 Re8 24. Rac1 Qd5 25. Rc7 Bf8 26. Rxb7 Qxb7 27. Qxd4 Rc8 28. Bf2 Rc2 29. Qxa7 Qb4 30. e6 Bc5 31. Qf7+ Kh8 32. Qf6+ Kg8 33. Qf7+ Kh8 34. Rd1 Bxf2+ 35. Kh1 Bh4 36. Qe8+ Kg7 37. Qf7+ Kh6 38. a3 Qe4 39. Rg1 Qe3 40. h3 Bg3 41. Qf8+ Kh5 42. Rf1 Rc1 0-1

[Event "La Roda op 34th"]
[Site "La Roda"]
[Date "2007.04.05"]
[Round "3"]
[White "Sanchez Jimenez, Juan Carlos"]
[Black "Krivoshey, Sergei"]
[Result "0-1"]
[WhiteElo "2278"]
[BlackElo "2475"]
[PlyCount "107"]
[EventDate "2007.04.04"]
[EventType "swiss"]
[EventRounds "9"]
[EventCountry "ESP"]
[SourceTitle "CBM 117 Extra"]
[Source "ChessBase"]
[SourceDate "2007.05.09"]
[SourceVersion "1"]
[SourceVersionDate "2007.05.09"]
[SourceQuality "1"]

1. d4 Nf6 2. Nf3 e6 3. c4 c5 4. d5 b5 5. Bg5 exd5 6. cxd5 d6 7. e4 a6 8. a4 Be7 9. Bxf6 Bxf6 10. axb5 Bxb2 11. Ra2 Bf6 12. Nbd2 0-0 13. Bd3 Bb7 14. 0-0 axb5 15. Rxa8 Bxa8 16. Bxb5 Bb7 17. Qa4 Qe7 18. Qa7 Ba6 19. Qxe7 Bxe7 20. Bxa6 Nxa6 21. Ra1 Nb4 22. Ra7 Re8 23. Nc4 Bf8 24. Rd7 Rxe4 25. Nxd6 Re7 26. Rd8 Nxd5 27. Nc8 Rb7 28. g3 Nf6 29. Ne5 g6 30. Nd6 Rc7 31. Nec4 Kg7 32. Ne8+ Nxe8 33. Rxe8 Be7 34. Ne3 Bf6 35. Re4 Bd4 36. Nc2 Bb2 37. Rc4 f5 38. Nb4 Bd4 39. Nc2 Be5 40. f4 Bf6 41. Kg2 Kf7 42. Nb4 Ke6 43. Kf3 Bd4 44. Nc2 Kd5 45. Ra4 Rb7 46. Ke2 c4 47. Ra2 Rb2 48. Rxb2 Bxb2 49. Ke3 Bf6 50. h3 Be7 51. g4 Bc5+ 52. Kf3 Bb6 53. Nb4+ Kc5 54. Nc2 0-1

[Event "ESP-chT 1st div South"]
[Site "Santa Cruz de Tenerife"]
[Date "2006.08.24"]
[Round "3"]
[White "Sanchez Jimenez, Juan Carlos"]
[Black "Henriquez Garcia, David"]
[Result "1-0"]
[WhiteElo "2289"]
[BlackElo "2154"]
[PlyCount "69"]
[EventDate "2006.08.23"]
[EventType "team-tourn"]
[EventRounds "5"]
[EventCountry "ESP"]
[SourceTitle "CBM 113 Extra"]
[Source "ChessBase"]
[SourceDate "2006.09.14"]
[SourceVersion "1"]
[SourceVersionDate "2006.09.14"]
[SourceQuality "1"]

1. d4 d6 2. Nf3 Nf6 3. c4 g6 4. Nc3 Bg7 5. Bg5 h6 6. Bh4 0-0 7. e3 c6 8. Be2 Nbd7 9. Qc2 Re8 10. 0-0 Nf8 11. h3 Bf5 12. e4 Bc8 13. e5 Nh5 14. Qe4 Ne6 15. Rfd1 Nhf4 16. Bf1 g5 17. Bg3 d5 18. Qc2 Rf8 19. cxd5 cxd5 20. Qb3 b6 21. Rac1 Bb7 22. Bxf4 Nxf4 23. g3 Ng6 24. Bd3 f5 25. Nb5 e6 26. Nc7 Qe7 27. Nxa8 Bxa8 28. Qc2 g4 29. hxg4 fxg4 30. Nh2 Nh4 31. gxh4 Qxh4 32. Qe2 h5 33. Qe3 Qe7 34. Rc3 h4 35. Nxg4 1-0

[Event "Cullera op 23rd"]
[Site "Valencia"]
[Date "2002.07.23"]
[Round "5"]
[White "Sanchez Jimenez, Juan Carlos"]
[Black "Nilsson, Lars Kjoller"]
[Result "1/2-1/2"]
[WhiteElo "2263"]
[BlackElo "2065"]
[PlyCount "22"]
[EventDate "2002.07.18"]
[EventType "swiss"]
[EventRounds "9"]
[EventCountry "ESP"]
[SourceTitle "CBM 089 Extra"]
[Source "ChessBase"]
[SourceDate "2002.09.10"]
[SourceVersion "2"]
[SourceVersionDate "2002.09.10"]
[SourceQuality "1"]

1. d4 Nf6 2. Nf3 e6 3. c4 Nc6 4. a3 d5 5. Nc3 Be7 6. cxd5 exd5 7. Bg5 Ne4 8. Bxe7 Nxc3 9. Bxd8 Nxd1 10. Rxd1 Nxd8 11. Rc1 Ne6 1/2-1/2

[Event "Linares Anibal op 09th"]
[Site "Linares"]
[Date "2002.03.01"]
[Round "1"]
[White "Sanchez Jimenez, Juan Carlos"]
[Black "Romanishin, Oleg M"]
[Result "0-1"]
[WhiteElo "2256"]
[BlackElo "2576"]
[PlyCount "66"]
[EventDate "2002.03.01"]
[EventType "swiss"]
[EventRounds "10"]
[EventCountry "ESP"]
[SourceTitle "CBM 087 Extra"]
[Source "ChessBase"]
[SourceDate "2002.05.03"]
[SourceVersion "2"]
[SourceVersionDate "2002.08.09"]
[SourceQuality "1"]

1. d4 Nf6 2. c4 e6 3. Nf3 b6 4. g3 Ba6 5. Qa4 Be7 6. Nc3 0-0 7. Bg2 c6 8. Bf4 d6 9. 0-0 Qd7 10. Rfd1 b5 11. cxb5 cxb5 12. Qa5 Qb7 13. Ne5 d5 14. b4 Rc8 15. Qa3 Nc6 16. Rab1 Qb6 17. e3 Bb7 18. Bf1 Nxe5 19. Bxe5 Ne4 20. Nxe4 dxe4 21. g4 Bd5 22. Qb2 f6 23. Bg3 a5 24. bxa5 Rxa5 25. a4 b4 26. Bb5 b3 27. Rbc1 Raa8 28. Rc3 Rxc3 29. Qxc3 Qa5 30. Qxa5 Rxa5 31. Bc7 Ra8 32. a5 Rc8 33. Bb6 b2 0-1